000
00325nam a2200121Ia 4500
008
190722s9999 xx 000 0 und d
020
_a
978-93-325-5958-5
100
_a
Lewis, Yang
245
0
_a
Basic Control Systems Engineering
260
_a
New Delhi
_b
Pearson (Indian Education) Pvt. Ltd.
_c
2016
300
_a
450
942
_c
BK
999
_c
285
_d
285